000 01001nam a22002417a 4500
005 20090820100419.0
008 090820t xxu||||| |||| 00| 0 hin d
010 _aHIN-93725
020 _c175.00
_a9788177792218
035 _aHN-66071
037 _bDBAD / PUB
040 _adpl
_bhn
082 _a821.08
100 _aअग्रवाल, केदारनाथ
_932941
245 _aविवेक-विवेचन /
_bकेदारनाथ अग्रवाल
260 _aइलाहाबाद
_bसाहित्य भंडार
_c2010
270 _a50, चाहचन्द
_bइलाहाबाद
_e3
_k2400787
300 _a136पृ.
_c22सेमी (सजिल्द)
650 _91169
650 _932942
942 _2ddc
_cHN
_mअग्रवा
_h821.08
999 _c55508
_d55508